00265nam a2200109Ia 4500100002600000654001500026245003200041260004400073082001800117300000800135546001200143 aRabaey/ Chandrakasan  aintegrated aDigital integrated circuits bPrentice Hall of IndiaaNew Delhic2003 a621.3815bRAB a761 aENGLISH